| 000 | 00866nam a22002417a 4500 | ||
|---|---|---|---|
| 005 | 20111007103535.0 | ||
| 008 | 111007t xxu||||| |||| 00| 0 eng d | ||
| 010 | _aENG-103889 | ||
| 020 |
_a9788178796598 _c595.00 |
||
| 035 | _aEN-87422 | ||
| 037 | _bDBAD / PUB | ||
| 040 |
_adpl _bEng |
||
| 082 | _a373.2 | ||
| 100 | _924913 | ||
| 245 |
_aPhysical activities for secondary school children / _cedited & complied by Rajeev Kumar |
||
| 260 |
_aNew Delhi _bSports Publication _c2011 |
||
| 270 |
_a7/26, Ground Floor, Ansari Road, Darya Ganj _bNew Delhi _e110002 |
||
| 300 |
_a236p. : _c22cm (Hb) _bill. |
||
| 650 | _935248 | ||
| 700 |
_924920 _aRajeev Kumar |
||
| 942 |
_2ddc _cEN _mPHY _h373.2 |
||
| 999 |
_c57339 _d57339 |
||